Cuentos japoneses de doncellas / (Registro nro. 22510)
[ vista simple ]
| 000 -LEADER | |
|---|---|
| fixed length control field | 01234nam a22002057a 4500 |
| 003 - CONTROL NUMBER IDENTIFIER | |
| control field | DO-CoUTE |
| 005 - DATE AND TIME OF LATEST TRANSACTION | |
| control field | 20230417093804.0 |
| 008 - FIXED-LENGTH DATA ELEMENTS--GENERAL INFORMATION | |
| fixed length control field | 230417b dr ||||| |||| 00| 0 spa d |
| 020 ## - INTERNATIONAL STANDARD BOOK NUMBER | |
| International Standard Book Number | 978-84-943449-9-2 |
| 040 ## - CATALOGING SOURCE | |
| Original cataloging agency | DO-CoUTE |
| Language of cataloging | spa |
| Transcribing agency | DO-CoUTE |
| 082 ## - DEWEY DECIMAL CLASSIFICATION NUMBER | |
| Edition number | 22 |
| Classification number | 895.6 J27c 2015 |
| 100 1# - MAIN ENTRY--PERSONAL NAME | |
| Personal name | James, Grace |
| Relator term | autor |
| 245 10 - TITLE STATEMENT | |
| Title | Cuentos japoneses de doncellas / |
| Statement of responsibility, etc. | Grace James |
| 260 ## - PUBLICATION, DISTRIBUTION, ETC. | |
| Place of publication, distribution, etc. | primera edición |
| 300 ## - PHYSICAL DESCRIPTION | |
| Extent | 93 páginas : |
| Other physical details | Ilustraciones ; |
| Dimensions | 18x11.5cm. |
| 504 ## - BIBLIOGRAPHY, ETC. NOTE | |
| Bibliography, etc. note | Incluye referencia bibliográfica e índice |
| 520 ## - SUMMARY, ETC. | |
| Summary, etc. | Una deliciosa selección de historias de amor y desamor, cuentos de doncellas en los que la línea imaginaria que separa realidad y ficción se funde hasta desaparecer. Leyendas ancestrales en las que el respeto por la familia, el honor, la belleza de la naturaleza y la presencia a nuestro alrededor de seres mitológicos, nos revela que nuestra existencia puede ser tan misteriosa como extraordinaria. Una inmejorable forma de acercarnos al Japón más exótico y remoto en un breve libro con el que inauguramos nuestra colección de Miniaturas Quaterni, enfocada para todo tipo de lectores, amantes o no de la literatura oriental. |
| 650 #4 - SUBJECT ADDED ENTRY--TOPICAL TERM | |
| Topical term or geographic name entry element | Cuentos japonese |
| 942 ## - ADDED ENTRY ELEMENTS (KOHA) | |
| Source of classification or shelving scheme | Dewey Decimal Classification |
| Koha item type | Libros |
| Withdrawn status | Lost status | Source of classification or shelving scheme | Damaged status | Not for loan | Collection code | Home library | Current library | Shelving location | Date acquired | Inventory number | Total Checkouts | Full call number | Barcode | Date last seen | Copy number | Price effective from | Koha item type |
|---|---|---|---|---|---|---|---|---|---|---|---|---|---|---|---|---|---|
| Dewey Decimal Classification | Colección General | Biblioteca UTECO | Biblioteca UTECO | En Estantería | 04/17/2023 | 022008 | 895.6 J27c 2015 | 022008 | 04/17/2023 | Ej.1 | 04/17/2023 | Libros |
